|
|
|
|
| LEADER |
00000nab a2200000 4500 |
| 001 |
vtls012266672 |
| 003 |
SK-MaSNL |
| 005 |
20260318115124.0 |
| 008 |
241107c2021 xo er|n || ||00 c0ukr |
| 015 |
|
|
|a SNBRB2024/11
|
| 038 |
|
|
|a SVKPOCL
|
| 040 |
|
|
|a SVKPOCL
|b slo
|c SVKPOCL
|e rda
|
| 041 |
1 |
|
|a ukr
|h slo
|
| 043 |
|
|
|a e-xo---
|
| 044 |
|
|
|a xo
|c SK
|
| 072 |
|
7 |
|a 271/279
|x Kresťanské cirkvi, sekty, denominácie
|2 konspekt
|
| 072 |
|
7 |
|a 27-5
|x Liturgia. Kresťanské umenie a symbolika. Duchovný život
|2 konspekt
|
| 080 |
|
|
|a 271/273
|2 2011
|
| 080 |
|
|
|a 27‑522:271/273
|2 2011
|
| 080 |
|
|
|a 2-526.62
|2 2011
|
| 080 |
|
|
|a 27‑56
|2 2011
|2 svkpocl
|
| 080 |
|
|
|a 75.051.046.3
|2 2011
|
| 080 |
|
|
|a (437.672)
|2 2011
|
| 100 |
1 |
|
|a Medviď, Peter,
|d 1981-
|4 aut
|9 268505
|
| 245 |
1 |
0 |
|a Peršŷj raz svjatkovav s'a prazdnyk Klokočivskoj Bohorodici
|c Petro Medvid'
|
| 300 |
|
|
|b Fotografie
|
| 336 |
|
|
|a text
|b txt
|2 rdacontent
|
| 337 |
|
|
|a bez média
|b n
|2 rdamedia
|
| 338 |
|
|
|a zväzok
|b nc
|2 rdacarrier
|
| 500 |
|
|
|a V rubrike Aktualno
|
| 500 |
|
|
|a Kocsis, Péter pozri Fülöp, hajdúdorožský arcibiskup a metropolita
|
| 600 |
1 |
7 |
|a Vasiľ, Cyril,
|d 1965-
|2 SNKMA
|9 226431
|
| 600 |
1 |
7 |
|a Chautur, Milan,
|d 1957-
|2 SNKMA
|9 106641
|
| 600 |
1 |
7 |
|a Stipić, Milan,
|d 1978-
|2 svkpocl
|9 1510299
|
| 600 |
0 |
7 |
|a Fülöp,
|c hajdúdorožský arcibiskup a metropolita,
|d 1963-
|2 svkpocl
|9 1604401
|
| 600 |
1 |
7 |
|a Babjak, Ján,
|d 1953-
|2 SNKMA
|9 99627
|
| 600 |
0 |
7 |
|a František,
|c pápež,
|d 1936-2025
|2 SNKMA
|9 171559
|
| 610 |
2 |
7 |
|a Gréckokatolícka cirkev
|2 SNKKA
|9 32576
|
| 610 |
2 |
7 |
|a Gréckokatolícka cirkev.
|b Košická eparchia
|2 SNKKA
|9 486351
|
| 611 |
2 |
7 |
|a Klokočovská Bohorodica, Patrónka Zemplína
|g (konferencia)
|d (2021 :
|c Michalovce, Slovensko)
|2 svkpocl
|9 1622413
|
| 648 |
|
7 |
|a 2020
|2 svkpocl
|9 340435
|
| 648 |
|
7 |
|a 21.12.2020
|2 svkpocl
|9 1603772
|
| 648 |
|
7 |
|a 3.10.2021
|2 svkpocl
|9 1622414
|
| 648 |
|
7 |
|a 1997
|2 svkpocl
|9 283446
|
| 648 |
|
7 |
|a 14.9.2021
|2 svkpocl
|9 1300515
|
| 650 |
0 |
7 |
|a cirkevné slávnosti
|2 SNKPH
|9 70408
|
| 650 |
0 |
7 |
|a konferencie
|2 SNKPH
|9 19221
|
| 650 |
0 |
7 |
|a východné kresťanské cirkvi
|2 SNKPH
|9 68747
|
| 650 |
0 |
7 |
|a gréckokatolíci
|2 SNKPH
|9 86906
|
| 650 |
0 |
7 |
|a náboženské symboly
|2 SNKPH
|9 28601
|
| 650 |
0 |
7 |
|a ikony
|2 SNKPH
|9 3134
|
| 650 |
0 |
7 |
|a Klokočovská Panna Mária (obraz)
|2 svkpocl
|9 566635
|
| 650 |
0 |
7 |
|a cirkevné dejiny
|2 SNKPH
|9 3909
|
| 650 |
0 |
7 |
|a Pamiatka zázračnej klokočovskej ikony Presvätej Bohorodičky, Patrónky Zemplína (sviatok)
|2 svkpocl
|9 1555174
|
| 650 |
0 |
7 |
|a Rusíni
|2 SNKPH
|9 4087
|
| 650 |
0 |
7 |
|a pútnické miesta
|2 SNKPH
|9 3031
|
| 650 |
0 |
7 |
|a patrocínium
|2 svkpocl
|9 1314339
|
| 651 |
|
7 |
|a Slovensko
|2 SNKPHgeo
|9 14231
|
| 651 |
|
7 |
|a Klokočov (Michalovce, Slovensko)
|2 SNKPHgeo
|9 119825
|
| 651 |
|
7 |
|a Michalovce (Slovensko)
|2 SNKPHgeo
|9 22487
|
| 651 |
|
7 |
|a Košice (Slovensko)
|2 SNKPHgeo
|9 18694
|
| 651 |
|
7 |
|a Prešov (Slovensko)
|2 SNKPHgeo
|9 17347
|
| 773 |
0 |
|
|t NN info Rusyn
|g Roč. XVIII (30), č. 19 (2021), s. 3
|x 2454-0013
|
| 852 |
|
|
|a SVKPO
|b KIS3GCP
|
| 958 |
|
|
|a SS
|
| 958 |
|
|
|a RN
|
| 958 |
|
|
|a NT
|
| 958 |
|
|
|a NM
|
| 958 |
|
|
|a SK
|
| 999 |
|
|
|c 3344539
|d 3346469
|